000 02261cam a2200349 a 4500
003 EG-GiCUC
005 20250223031640.0
008 170615s2016 ua dh f m 000 0 eng d
040 _aEG-GiCUC
_beng
_cEG-GiCUC
041 0 _aeng
049 _aDeposite
097 _aM.Sc
099 _aCai01.11.28.M.Sc.2016.Bi.S
100 0 _aBishoy Ibrahim Halim Khalifa
245 1 0 _aSerum ferritin level as a marker of disease activity and renal involvement in Egyptian children with Juvenile Systemic Lupus Erythematosus /
_cBishoy Ibrahim Halim Khalifa ; Supervised Samia Salah Eldin Mahmoud , Yomna Mohamed Farag , Doaa Mohamed Geith
246 1 5 _aمستوى الفيريتين فى الدم كعلامة من علامات نشاط المرض و تأثر الكلى فى حالات الذئبة الحمراء الصبيانى في الأطفال المصريين
260 _aCairo :
_bBishoy Ibrahim Halim Khalifa ,
_c2016
300 _a103 P. :
_bcharts , facsimiles ;
_c25cm
502 _aThesis (M.Sc.) - Cairo University - Faculty of Medicine - Department of Pediatrics
520 _aJuvenile systemic lupus erythematosus (JSLE) is a multi-system autoimmune disease associated with formation of auto-antibodies. Higher serum ferritin levels have been observed in inflammatory conditions as SO JIA & MAS. This study assesses its use as a marker of disease activity & lupus nephritis in JSLE. This is a cross-sectional study conducted on 48 JSLE patients and 43 healthy controls. Serum ferritin level was measured using ELISA technique. Our results showed that serum ferritin is significantly higher in JSLE patients compared with controls. Also, it has positive correlation with SLEDAI-2K, renal SLEDAI,SLICC renal activity score, C3 and anti ds DNA level. Therefore, serum ferritin can be used as a marker for disease activity& renal activity
530 _aIssued also as CD
653 4 _aJSLE
653 4 _aLupus nephritis
653 4 _aSerum ferritin
700 0 _aDoaa Mohamed Geith ,
_eSupervisor
700 0 _aSamia Salah Eldin Mahmoud ,
_eSupervisor
700 0 _aYomna Mohamed Farag ,
_eSupervisor
856 _uhttp://172.23.153.220/th.pdf
905 _aEnas
_eCataloger
905 _aNazla
_eRevisor
942 _2ddc
_cTH
999 _c59485
_d59485